000 01043nmm a2200301 a 4500
001 ocm000588730
003 TR-IsHL
005 20201028115640.0
008 130625s2005 tu tur
007 cr cn
020 _a9789758204038
035 _a588730
_b(N$T)
050 0 4 _aDR435.K87
_bÇ48 2005
090 0 4 _aDR435.K87
_bÇ48 2005
100 1 _aÇetin, Mahmut
245 1 0 _aKart- kurt sesleri: isyancı Bedirhan Bey'in yaramaz çocukları ve bir kardeşlik poetikası
_h[electronic resource] /
_cMahmut Çetin
250 _a1. bs.
260 _aİstanbul :
_bBiyografi Net İletişim ve Yayıncılık,
_c2005
300 _a304 p.
650 4 _aTarih
650 4 _aHistory
650 0 _aKürtler
_x Türkiye
_x Biyografi
650 0 _aKurds
_x Turkey
_x Biography
650 0 _aTürkiye
_x Etnik ilişkiler
650 0 _aTurkey
_x Ethnic relations
650 7 _aPOLITICAL SCIENCE / World / Middle Eastern
_2bisacsh
856 4 0 _uhttp://search.ebscohost.com/login.aspx?direct=true&scope=site&db=e011xww&AN=588730
999 _c369
_d369